Sports Quiz

Random Sports or Football Quiz

Re-Promoted Premier League Clubs Quiz Stats

Quiz Updated May 7, 2015

Challenge
Share
Tweet
Embed
Score 0/24 Timer 05:00
20 Plays Today
% Correct
Crystal Palace
86.6%
Leicester City
86.5%
Queens Park Rangers
85.4%
Birmingham City
84.7%
Norwich City
83.7%
Hull City
82.4%
Newcastle United
81.1%
Blackburn Rovers
78.7%
West Ham United
78.2%
Southampton
78%
West Bromwich Albion
77.9%
Middlesbrough
77.9%
% Correct
Bolton Wanderers
77.7%
Sunderland
77.4%
Burnley
75.3%
Derby County
73%
Wolverhampton Wanderers
72.5%
Reading
72.1%
Manchester City
71.9%
Watford
67.6%
Charlton Athletic
62.6%
Ipswich Town
59.8%
Sheffield United
55.7%
Nottingham Forest
54.2%

You're not logged in!

Compare scores with friends on all Sporcle quizzes.
Sign Up with Email
OR
Log In

You Might Also Like...

Show Comments

Extras

Top Quizzes Today


Score Distribution

Your Account Isn't Verified!

In order to create a playlist on Sporcle, you need to verify the email address you used during registration. Go to your Sporcle Settings to finish the process.